Mediterranean Countries by Picture - Statistics

General Stats
  • This quiz has been taken 364 times
  • The average score is 13 of 21
Answer Stats
Picture Answer % Correct
Egypt
98%
France
98%
Greece
97%
Italy
94%
Turkey
89%
Israel
79%
Croatia
72%
Spain
62%
Monaco
53%
Syria
53%
Morocco
51%
Bosnia and Herzegovina
48%
Slovenia
48%
Libya
47%
Montenegro
44%
Tunisia
44%
Algeria
41%
Malta
40%
Cyprus
37%
Albania
36%
Lebanon
32%
No matching quizzes found
Score Distribution
Percent of People with Each Score
Percentile by Number Answered
Your Score History
You have not taken this quiz